Central Library OPAC University of Rajshahi

Short studies on great subjects / (Record no. 22448)

MARC details
000 -LEADER
fixed length control field 01061cam a22002651 4500
001 - CONTROL NUMBER
control field 22448
003 - CONTROL NUMBER IDENTIFIER
rucl marc code BD-RjUL
005 - DATE AND TIME OF LATEST TRANSACTION
control field 20211209000816.0
008 - FIXED-LENGTH DATA ELEMENTS--GENERAL INFORMATION
fixed length control field 140308m19311915enk b 000 0 eng
035 ## - SYSTEM CONTROL NUMBER
System control number (BD-RjUL)22513
System control number (OCoLC)4542213
040 ## - CATALOGING SOURCE
Original cataloging agency DLC
Transcribing agency MnStpeG
Modifying agency OCoLC
-- DLC
Language of cataloging eng
041 ## - LANGUAGE CODE
Language code of text/sound track or separate title eng
082 ## - DEWEY DECIMAL CLASSIFICATION NUMBER
Classification number 824.89
Author mark and year FRS 1931
100 1# - MAIN ENTRY--PERSONAL NAME
Personal name Froude, James Anthony,
Dates associated with a name 1818-1894.
9 (RLIN) 59401
245 10 - TITLE STATEMENT
Title Short studies on great subjects /
Statement of responsibility, etc. by James Anthony Froude...
260 ## - PUBLICATION, DISTRIBUTION, ETC. (IMPRINT)
Place of publication, distribution, etc. London & Toronto :
Name of publisher, distributor, etc. J.M. Dent & sons, ltd. ;
Place of publication, distribution, etc. New York :
Name of publisher, distributor, etc. E.P. Dutton & co ,
Date of publication, distribution, etc. C 1915 [reprinting 1931]
300 ## - PHYSICAL DESCRIPTION
Pagination 298 p. ;
Size 17 1/2 cm.
490 0# - SERIES STATEMENT
Series statement Half-title: Everyman's library, ed. by Ernest Rhys. Essays and belles lettres. [no. 13, 705]
500 ## - GENERAL NOTE
General note "The first volume, originally issued [1906] in the series with the title Essays in literature and history, contains a general introduction by Mr. Belloc."- v. 2, p. vii.
504 ## - BIBLIOGRAPHY, ETC. NOTE
Bibliography, etc Bibliography: v. 1, p. xxi-xxii.
942 ## - ADDED ENTRY ELEMENTS (KOHA)
Source of classification or shelving scheme Dewey Decimal Classification
Koha item type Books
Holdings
Lost status Source of classification or shelving scheme Damaged status Not for loan Collection code Permanent Location Current Location Shelving location Date acquired Source of acquisition Cost, normal purchase price Total Checkouts Full call number Date last seen Copy number Koha item type
  Dewey Decimal Classification   Added to bundle Fiction Central Library, University of Rajshahi Central Library, University of Rajshahi Reading Room 21/09/1955 Black well 0.55   824.89 FRS V-2 1931 08/03/2014 C-1 Books